<?xml version="1.0" encoding="UTF-8"?>
<collection xmlns="http://www.loc.gov/MARC21/slim">
 <record>
  <leader>01542nam a2200193Ia 4500</leader>
  <controlfield tag="001">TDMU_39587</controlfield>
  <controlfield tag="008">210410s9999    xx            000 0 und d</controlfield>
  <datafield tag="082" ind1=" " ind2=" ">
   <subfield code="a">371.2012</subfield>
  </datafield>
  <datafield tag="090" ind1=" " ind2=" ">
   <subfield code="b">NG527</subfield>
  </datafield>
  <datafield tag="100" ind1=" " ind2=" ">
   <subfield code="a">Nguyễn, Thế Phong</subfield>
  </datafield>
  <datafield tag="245" ind1=" " ind2="0">
   <subfield code="a">Nâng cao hoạt động quản trị nguồn nhân lực tại thanh tra tỉnh Bình Dương</subfield>
  </datafield>
  <datafield tag="245" ind1=" " ind2="0">
   <subfield code="c">Nguyễn Thế Phong; TS. Trần Bảo Trung (hướng dẫn)</subfield>
  </datafield>
  <datafield tag="260" ind1=" " ind2=" ">
   <subfield code="a">Bình Dương, 2019</subfield>
  </datafield>
  <datafield tag="300" ind1=" " ind2=" ">
   <subfield code="a">99tr</subfield>
  </datafield>
  <datafield tag="520" ind1=" " ind2=" ">
   <subfield code="a">Chuyên ngành: Quản trị kinh doanh; Mã số: 8340101; Ý kiến về việc photo tài liệu: Đồng ý 50%; Ý kiến về việc sao chép file: Không đồng ý; Ý kiến về việc đưa lên CSDL đọc trực tuyến: Đồng ý; TM tài liệu tham khảo tr.85-88; Luận văn Thạc sĩ. Trường đại học Thủ Dầu Một, 2019; Luận văn gồm có 3 chương: Chương 1. Mở đầu; Chương 2. Thực trạng hoạt động quản trị nguồn nhân lực tại thanh tra tỉnh Bình Dương. Chương 3. Các giải pháp nâng cao hoạt động quản trị nguồn nhân lực tại thanh tra tỉnh Bình Dương</subfield>
  </datafield>
  <datafield tag="650" ind1=" " ind2=" ">
   <subfield code="a">Luận văn; Quản trị nhân lực</subfield>
   <subfield code="x">Thanh tra tỉnh Bình Dương</subfield>
   <subfield code="v">Luận văn</subfield>
  </datafield>
  <datafield tag="700" ind1=" " ind2=" ">
   <subfield code="a">Bảo, Trung</subfield>
  </datafield>
  <datafield tag="856" ind1=" " ind2=" ">
   <subfield code="u">http://lrc.tdmu.edu.vn/opac/search/detail.asp?aID=2&amp;ID=39587</subfield>
  </datafield>
  <datafield tag="980" ind1=" " ind2=" ">
   <subfield code="a">Trung tâm Học liệu Trường Đại học Thủ Dầu Một</subfield>
  </datafield>
 </record>
</collection>
